日本の臨時駅 - Statistics

General Stats
  • This quiz has been taken 418 times
  • The average score is 7 of 15
Answer Stats
駅名 都道府県 % Correct
偕楽園 茨城県
80%
バルーンさが 佐賀県
77%
ラベンダー畑 北海道
66%
鹿島サッカースタジアム 茨城県
64%
津島ノ宮 香川県
59%
猪苗代湖畔 福島県
50%
原生花園 北海道
48%
ガーラ湯沢 新潟県
42%
田井ノ浜 徳島県
34%
仁愛グランド前 福井県
29%
清流みはらし 山口県
29%
細岡 北海道
23%
宮島ボートレース場 広島県
22%
秋田港 秋田県
19%
京橋 岡山県
12%
No matching quizzes found
Score Distribution
Percent of People with Each Score
Percentile by Number Answered
Your Score History
You have not taken this quiz